Mistrzostwa Europy w lekkoatletyce - Statystyki

Ogólne statystyki
  • Ten quiz został rozwiązany 40 razy
  • Średni wynik to 18 z 25
Statystyki odpowiedzi
Rok Miasto % Poprawnych
2002 Monachium
97%
2022 Monachium
97%
1958 Sztokholm
97%
2010 Barcelona
94%
2018 Berlin
94%
1971 Helsinki
91%
1994 Helsinki
91%
2012 Helsinki
91%
1938 ParyżWiedeń
91%
2016 Amsterdam
88%
1966 Budapeszt
81%
1998 Budapeszt
81%
1946 Oslo
81%
1974 Rzym
81%
1969 Ateny
75%
1982 Ateny
75%
1978 Praga
75%
1950 Bruksela
66%
2014 Zurych
66%
1962 Belgrad
63%
2006 Goteborg
47%
1934 Turyn
44%
1954 Berno
38%
1990 Split
22%
1986 Stuttgart
22%
Nie znaleziono quizów pasujących do podanych kryteriów
Rozkład punktacji
Procent ludzi z każdym wynikiem
Percentyl według liczby udzielonych odpowiedzi
Twoja historia wyników
Nie rozwiązałeś tego quizu